<?xml version="1.0" encoding="UTF-8"?>
<record
    xmlns:xsi="http://www.w3.org/2001/XMLSchema-instance"
    xsi:schemaLocation="http://www.loc.gov/MARC21/slim http://www.loc.gov/standards/marcxml/schema/MARC21slim.xsd"
    xmlns="http://www.loc.gov/MARC21/slim">

  <leader>03177cam a2200373 a 4500</leader>
  <controlfield tag="003">PE-LiUPU</controlfield>
  <controlfield tag="005">20250731184611.0</controlfield>
  <controlfield tag="008">021001s2002    nyua          001 0 eng c</controlfield>
  <datafield tag="020" ind1=" " ind2=" ">
    <subfield code="a">0060508663 </subfield>
  </datafield>
  <datafield tag="040" ind1=" " ind2=" ">
    <subfield code="b">spa</subfield>
    <subfield code="c">PE-LiUPU</subfield>
    <subfield code="d">PE-LiUPU</subfield>
    <subfield code="e">rda</subfield>
  </datafield>
  <datafield tag="082" ind1="0" ind2="0">
    <subfield code="a">974.7</subfield>
    <subfield code="2">23</subfield>
    <subfield code="b">S479</subfield>
  </datafield>
  <datafield tag="245" ind1="0" ind2="4">
    <subfield code="a">The September 11 photo project /</subfield>
    <subfield code="c">Editado por Michael Feldschuh</subfield>
  </datafield>
  <datafield tag="264" ind1=" " ind2=" ">
    <subfield code="a">New York :</subfield>
    <subfield code="b">ReganBooks,</subfield>
    <subfield code="c">2002.</subfield>
  </datafield>
  <datafield tag="300" ind1=" " ind2=" ">
    <subfield code="a">197 p&#xE1;ginas :</subfield>
    <subfield code="b">ilustrado ;</subfield>
    <subfield code="c">30 cent&#xED;metros.</subfield>
  </datafield>
  <datafield tag="504" ind1=" " ind2=" ">
    <subfield code="a">Contiene index.</subfield>
  </datafield>
  <datafield tag="505" ind1=" " ind2=" ">
    <subfield code="a">Fotograf&#xED;as de &#x201C;El Proyecto Fotogr&#xE1;fico del 11 de septiembre&#x201D; en una galer&#xED;a de la ciudad de SoHo, Nueva York, en respuesta a los ataques terroristas del 11 de septiembre de 2001. Est&#xE1;n agrupadas por colaborador, tal como se presentaron en la galer&#xED;a, sin una tem&#xE1;tica ni orden cronol&#xF3;gico espec&#xED;fico. Se han presentado juntas las fotograf&#xED;as que iban acompa&#xF1;adas de texto siempre que ha sido posible. Las p&#xE1;ginas siguientes reflejan la diversidad de las paredes de la galer&#xED;a.</subfield>
  </datafield>
  <datafield tag="520" ind1=" " ind2=" ">
    <subfield code="a">El Proyecto Fotogr&#xE1;fico del 11 de septiembre es un foro abierto para exhibir fotograf&#xED;as y palabras en respuesta a los ataques terroristas del 11 de septiembre de 2001. Comenz&#xF3; como un esfuerzo para recopilar material de cualquier persona interesada en participar. El objetivo era permitir que las personas fueran testigos de la expresi&#xF3;n y el dolor de los dem&#xE1;s, promoviendo as&#xED; la comprensi&#xF3;n de la tragedia a nivel humano y un proceso de curaci&#xF3;n. Se exhibieron todas las fotograf&#xED;as y palabras enviadas por los participantes, y se dio la bienvenida a todos los que quisieran verlas.

El 13 de octubre, la galer&#xED;a abri&#xF3; en SoHo, Nueva York, a menos de doce cuadras de la Zona Cero, con aproximadamente doscientas fotos en una galer&#xED;a de cuatro mil pies cuadrados. En las semanas y meses siguientes, las paredes se cubrieron con m&#xE1;s de cuatro mil fotograf&#xED;as y notas escritas por miembros de la comunidad de la ciudad de Nueva York, Estados Unidos y el mundo. M&#xE1;s de cuarenta mil personas visitaron la exposici&#xF3;n para mostrar su trabajo o apreciar las fotograf&#xED;as y las palabras de los dem&#xE1;s.

Este libro representa el esfuerzo del proyecto por llevar la experiencia de la galer&#xED;a a aquellos que no pueden verla en persona. Las fotograf&#xED;as est&#xE1;n agrupadas por colaborador, tal como se presentaron en la galer&#xED;a, sin una tem&#xE1;tica ni orden cronol&#xF3;gico espec&#xED;fico. Se han presentado juntas las fotograf&#xED;as que iban acompa&#xF1;adas de texto siempre que ha sido posible. Las p&#xE1;ginas siguientes reflejan la diversidad de las paredes de la galer&#xED;a SoHo y la convicci&#xF3;n del proyecto de que ninguna presentaci&#xF3;n es mejor o peor que otra.</subfield>
  </datafield>
  <datafield tag="526" ind1=" " ind2=" ">
    <subfield code="a">P136</subfield>
  </datafield>
  <datafield tag="526" ind1=" " ind2=" ">
    <subfield code="a">P135</subfield>
  </datafield>
  <datafield tag="526" ind1=" " ind2=" ">
    <subfield code="a">P134</subfield>
  </datafield>
  <datafield tag="526" ind1=" " ind2=" ">
    <subfield code="a">P133</subfield>
  </datafield>
  <datafield tag="526" ind1=" " ind2=" ">
    <subfield code="a">P144</subfield>
  </datafield>
  <datafield tag="526" ind1=" " ind2=" ">
    <subfield code="a">P143</subfield>
  </datafield>
  <datafield tag="526" ind1=" " ind2=" ">
    <subfield code="a">P87</subfield>
  </datafield>
  <datafield tag="526" ind1=" " ind2=" ">
    <subfield code="a">P35</subfield>
  </datafield>
  <datafield tag="526" ind1=" " ind2=" ">
    <subfield code="a">P20</subfield>
  </datafield>
  <datafield tag="526" ind1=" " ind2=" ">
    <subfield code="a">P14</subfield>
  </datafield>
  <datafield tag="526" ind1=" " ind2=" ">
    <subfield code="a">P10</subfield>
  </datafield>
  <datafield tag="526" ind1=" " ind2=" ">
    <subfield code="a">P06</subfield>
  </datafield>
  <datafield tag="650" ind1=" " ind2="0">
    <subfield code="a">Ataques terroristas del 11 de septiembre de 2001.</subfield>
    <subfield code="v">Fotograf&#xED;as</subfield>
    <subfield code="9">1712</subfield>
  </datafield>
  <datafield tag="700" ind1="1" ind2=" ">
    <subfield code="a">Feldschuh, Michael.</subfield>
    <subfield code="e">editor.</subfield>
  </datafield>
  <datafield tag="942" ind1=" " ind2=" ">
    <subfield code="2">ddc</subfield>
    <subfield code="c">BK</subfield>
  </datafield>
  <datafield tag="980" ind1=" " ind2=" ">
    <subfield code="6">23148</subfield>
    <subfield code="a">An&#xE1;lisis Documental EVILA ACOSTA</subfield>
    <subfield code="8">1</subfield>
    <subfield code="g">ALBERTO SANCHEZ Responsable de Automatizaci&#xF3;n</subfield>
  </datafield>
  <datafield tag="999" ind1=" " ind2=" ">
    <subfield code="c">61932</subfield>
    <subfield code="d">61932</subfield>
  </datafield>
  <datafield tag="952" ind1=" " ind2=" ">
    <subfield code="r">2025-12-03 00:00:00</subfield>
    <subfield code="l">0</subfield>
    <subfield code="o">974.7 S479</subfield>
    <subfield code="p">81558</subfield>
    <subfield code="t">e1</subfield>
    <subfield code="v">35.00</subfield>
    <subfield code="w">0000-00-00</subfield>
    <subfield code="x">FCS</subfield>
    <subfield code="y">BK</subfield>
    <subfield code="z">inventario-2023-12-13</subfield>
    <subfield code="1">0</subfield>
    <subfield code="2">ddc</subfield>
    <subfield code="5">0</subfield>
    <subfield code="7">0</subfield>
    <subfield code="8">GEN</subfield>
    <subfield code="f">P33</subfield>
    <subfield code="a">BUL</subfield>
    <subfield code="b">BUL</subfield>
    <subfield code="c">GEN</subfield>
    <subfield code="d">2019-05-14</subfield>
    <subfield code="e">An&#xF3;nimo.</subfield>
  </datafield>
</record>
